1026 1097 1362 1151 1448 1507 1240 1318 1784 1760 1985 1836 1416 1819 1540 1845 1553 1650 1174 1679 1354 1873 1584 1295 1496 1024 1628 1694 1260 1150 1997 1367 1936 1465 1818 1732 1330 1766 1795 1281 1116 1772 1165 1788 1979 1226 1933 1525 1611 1979 1135 1600 1314 1378 1428 1400 1966 1288 1637 1557 1014 1590 1377 1816 1105 1416 1504 1706 1383 1928 1743 1355 1500 1839 1720 1753 1179 1681 1458 1544 1290 1804 1977 1613 1593 1170 1868 1044 1168 1505 1279 1622 1600 1014 1799 1621 1519 1885 1935 BCNSPRNW ULIB Ver.6.0+V

เปลี่ยนเป็นภาษาไทย

Change to English
 แสดงรายละเอียดบรรณานุกรม
  กลับหน้าหลัก

Brief Record : Get Marc (ISO 2709) : E-mail record : QR code < ปิดหน้าต่าง
LEADER : 00000nam 2200000uu 4500
001    13399123311
003     ULIB
008    140820s||||||||th 000 0 tha d
245 00 การศึกษาและเปรียบเทียบ การปรับตัวทางสังคม
945    ^p0^l0^i008965
999    ^aเกษร โพธิ์สุวรรณ
รายการนี้ยังไม่มีแท็ก
คุณยังไม่ได้ล็อกอิน คุณสามารถมีกิจกรรมร่วมกับเว็บไซต์ได้ แต่ต้องล็อกอินก่อน ::
  ล็อกอิน

รายการสื่อสารสนเทศ

ลำดับที่ ประเภท เลขเรียก/บาร์โค้ด สถานที่ สถานะ
1. งานวิจัย
งานวิจัย
 ฉ.1 
  Barcode: 008965
ห้องสมุดวิทยาเขตสวรรค์ประชารักษ์
►วิจัย
บนชั้น

BibComment


ยังไม่เคยถูกคอมเมนท์

คอมเมนท์ทรัพยากรรายการนี้
  คอมเมนท์: การศึกษาและเปรียบ..


 Copyright 2026. Bcnsprnw @Library